[Event "GER-chT U12 Girls"]
[Site "Magdeburg"]
[Date "2023.12.28"]
[Round "4.8"]
[White "Nikitina, Alisa"]
[Black "Gelbach, Julietta"]
[Result "0-1"]
[WhiteElo "1004"]
[BlackElo "887"]
[PlyCount "78"]
[EventDate "2023.12.26"]
[EventType "team-swiss"]
[EventRounds "7"]
[EventCountry "GER"]
[SourceTitle "CB03_2024"]
[SourceDate "2024.01.17"]
[SourceVersion "1"]
[SourceVersionDate "2024.01.17"]
[SourceQuality "1"]
[WhiteTeam "Stuttgart Strateg"]
[BlackTeam "Porz SG II"]
[WhiteTeamCountry "GER"]
[BlackTeamCountry "GER"]

1. e4 e5 2. Nf3 Nc6 3. Bc4 Nf6 4. Ng5 d5 5. exd5 Nxd5 6. d3 h6 7. Nf3 Bg4 8. h3 Bh5 9. g4 Bg6 10. Be3 Nxe3 11. fxe3 e4 12. Nfd2 exd3 13. cxd3 Qh4+ 14. Ke2 0-0-0 15. Qc2 Nb4 16. Qb3 Bxd3+ 17. Bxd3 Nxd3 18. Nc3 Bb4 19. Qxf7 Nxb2 20. Nd5 Ba5 21. Ne7+ Kb8 22. Qxg7 Rxd2+ 23. Kf3 Rhd8 24. a3 a6 25. Rab1 Qf2+ 26. Ke4 Qg2+ 27. Kf5 Qf3+ 28. Kg6 R8d6+ 29. Kh7 Qe4+ 30. Kg8 Rd7 31. Rxb2 Rxe7 32. Rf1 Rxg7+ 33. Kxg7 Bc3+ 34. Kxh6 Bxb2 35. g5 Qe5 36. g6 Qg7+ 37. Kh5 Bf6 38. h4 Rh2 39. e4 Rxh4# 0-1